| 000 | 01116nam a2200241 a 4500 | ||
|---|---|---|---|
| 001 | 000008555 | ||
| 005 | 20200929161349.0 | ||
| 008 | 090917s1952 mx 001 0 spa d | ||
| 040 |
_aDO-SdBNP _bspa _cBNPHU |
||
| 082 |
_a808.54 _bM296t |
||
| 100 | 1 |
_aMañón, Darío A. _922930 |
|
| 245 | 1 | 3 |
_aEl tesoro del declamador : _b(método sin maestro), los mejores poetas de los siglos XIX y XX / _cDarío A. Mañón ; editor Carlos Cesarman. |
| 260 |
_aMéxico : _bCarlos Cesarman, _c1952. |
||
| 300 |
_a189 p. ; _c21 cm. |
||
| 505 | 0 |
_tLo bello -- _tLa emoción estética -- _tLo bello por medio del arte -- _tLa declamación -- _tDotes, instrucción y demás cualidades del recitador -- _tElementos necesarios del recitador -- _tOrigen de la declamación -- _tPoesías selectísimas escogidas y depuradas por poetas y literatos capacitados. |
|
| 650 | 4 |
_aElocución _922191 |
|
| 650 | 4 |
_aPoesía española _xSiglo xix _922931 |
|
| 650 | 4 |
_aPoesía española _xSiglo xx _922932 |
|
| 650 | 4 |
_aLiteratura española _9632 |
|
| 700 | 1 |
_aCesarman, Carlos, _eed. _922933 |
|
| 910 | _aValidado. Control de calidad EMS | ||
| 049 | _aBNPD | ||
| 999 |
_c8325 _d8325 |
||